000 00465nam a22001817a 4500
999 _c167048
_d167048
005 20190820151511.0
010 _aB-024054
020 _c22.50
035 _aB-024054
100 _aACH
245 _aMachine Tool Design/
250 _aThird
_b1982
260 _aRussian
_bMoscow
_c1968
270 _aNIll
_bRussian
300 _a600p.
_bill
_c20cm.(Hb.)
600 _dEnglish Translation by mir Publishers
942 _2ddc
_cEN
_h621.382
_mACH